000 01337cam a2200133 4500500
005 20251214004416.0
041 _afre
042 _adc
100 1 0 _aYon, Jean-Claude
_eauthor
245 0 0 _aHistoire culturelle de la France au XIXe siècle
260 _bArmand Colin,
_c2021.
520 _aDresser un panorama culturel de la France de 1814 à 1914, sans négliger l'apport de la Révolution et de l'Empire, telle est l'ambition de cet ouvrage où l'on croise aussi bien Alexandre Dumas que Marie Curie, Louis Hachette qu’Édouard Manet, le curé d'Ars que Sarah Bernhardt. Des monarchies constitutionnelles à la veille de la Première Guerre mondiale, la France passe d'une culture traditionnelle à une culture de masse, des images d’Épinal et du colportage aux revues de music-hall et au Tour de France - dans un grand tourbillon créatif et au rythme des révolutions de toutes natures. Appréhendé par le biais de l'histoire culturelle, le XIXe siècle - qui a pu être défini comme "la préhistoire de notre présent" - se révèle ici d'une extraordinaire richesse et porteur d'un héritage qui, rejeté ou assumé, est toujours bien vivant dans la France du XXIe siècle.
856 4 1 _uhttps://shs.cairn.info/histoire-culturelle-de-la-france-au-xixe-siecle--9782200623678?lang=fr&redirect-ssocas=7080
999 _c1568539
_d1568539